| 000 | 00000nam##2200000za#4500 |
| 001 | 9.580946 |
| 003 | CaOODSP |
| 005 | 20210624191302 |
| 007 | cr ||||||||||| |
| 008 | 150406|2002||||xxc|||||o f|0| 0 eng|d |
| 040 | |aCaOODSP|beng |
| 043 | |an-cn--- |
| 086 | 1 |aNH18-22/102-103E-PDF |
| 110 | 2 |aCanada Mortgage and Housing Corporation. |
| 245 | 10|aMoldy houses - Why they are and why we care & additional analysis of Wallaceburg data : |h[electronic resource]|bthe Wallaceburg health and housing studies |
| 250 | |aRevised 2006 |
| 260 | |aOttawa - Ontario : |bCanada Mortgage and Housing Corporation |cc2002, 2006. |
| 300 | |a6p.|breferences |
| 490 | 1 |aResearch highlight. Technical series|v02-203 |
| 500 | |aFile reproduced from original print. |
| 590 | |a14-17-Supp|b2014-10-09 |
| 775 | 08|tLes moisissures dans les maisons - Raisons de leur prolifération et raisons de nos préoccupations, analyse supplémentaire des données de Wallaceburg : |w(CaOODSP)9.607850 |
| 830 | #0|aResearch highlight. Technical series ;|v02-203|w(CaOODSP)9.504482 |
| 856 | 40|ahttp://publications.gc.ca|qPDF|s105 KB|uhttps://publications.gc.ca/collections/collection_2014/schl-cmhc/NH18-22-102-103-eng.pdf|y02-203 |